| 000 | 00552nam a2200229Ia 4500 | ||
|---|---|---|---|
| 008 | 181129s9999 xx 000 0 und d | ||
| 020 | _a9780439444439 | ||
| 050 | _bS757 2009 | ||
| 100 | _aSpinelli, Jerry | ||
| 245 | 0 | _aStar girl / | |
| 245 | 0 | _cby Jerry Spinelli. | |
| 260 | _aNew York, NY : | ||
| 260 | _bScholastic, | ||
| 260 | _c2000 | ||
| 300 | _a188 pages : | ||
| 300 | _billustrations ; | ||
| 300 | _c19cm. | ||
| 650 | _aEccentrics and eccentricities. | ||
| 650 | _aIndividuality. | ||
| 650 | _aPopularity. | ||
| 700 | _aTitle. | ||
| 999 |
_c360287 _d360287 |
||